| 000 | 01222cam a2200217 4500 | ||
|---|---|---|---|
| 001 | WB3940-08 | ||
| 008 | 031023n2003 000 0 eng u | ||
| 035 | _a(Sirsi) u123989 | ||
| 245 | _aConstruction accidents | ||
| 260 | _c2003 | ||
| 490 |
_aHealth & Safety Executive _v(E208) 23 October 2003, (3) |
||
| 520 | _aTwo studies published today show the most dangerous activity on construction sites are often normal activities of handling materials or walking across the sites. These studies were conducted by engineering consultants Bomel Ltd and Loughborough University. Theseinvestigations were completely separate but produced a number of similar findings. Suggestions from the survey included the fact that accident investigation was often superficial and poor supervision and communication were often a significant contributor to accidents. For the HSE news release: http://www.gnn.gov.uk/gnn/national.nsf/Today's+Releases+Frame/D1F92145E81C25D980256DC8004D9D5C?opendocument | ||
| 590 | _aWB | ||
| 650 | _aHEALTH AND SAFETY EXECUTIVE | ||
| 650 | _aHSE | ||
| 650 | _aCONSTRUCTION ACCIDENTS | ||
| 650 | _aBOMBEL LTD | ||
| 650 | _aLOUGHBOROUGH UNIVERSITY | ||
| 690 |
_aHealth and safety _96244 |
||
| 942 | _n0 | ||
| 999 |
_c73640 _d73640 |
||